00716 2200181 4500245004500000020002200045250001100067100001200078700000800090650001700098005001900115260003300134041001400167084000800181300002300189500031300212336000900525 aBercinta dalam TahajjudkucAnshelahText a978-602-279-159-1 aCet. 1 aAnshela aMiz aNovel Remaja a20231003081453 aYogyakartabDIVA Pressc2015 aIndonesia a813 a184 hlm. :c19 cm. a"Terkadang cinta bisa membuat orang jadi gila. mampu mengubah sesorang higga melakukan sesuatu di luar kebiasaan. Nggak jarang, cinta sangat menyiksa batin. ketika nggak di jaga dengan baik, maka setan yang berkuasa. cinta sudah jadi fitrah manusia. jadi, kalau kamu cinta seseorang, sebaiknya karena allah." atext